Meilleurs buteurs chaque club de Ligue 1 - Statistiques

Statistiques générales
  • Ce quiz a été pris 368 fois
  • Le résultat moyen est 3 sur 20
Statistiques - réponses
Clubs Buts marqués Nationalité Joueur % Correct
Paris Saint-Germain 200 Uruguay Edinson Cavani
96%
AS Monaco 223 Argentine / Italie Delio Onnis
22%
Olympique Lyonnais 222 France Fleury Di Nallo
22%
Stade de Reims 145 France Just Fontaine
20%
Girondins de Bordeaux 181 France Alain Giresse
19%
Olympique de Marseille 194 Suède Gunnar Andersson
19%
AS Saint-Etienne 211 France Hervé Révelli
12%
Montpellier HSC 84 France Laurent Blanc
12%
ES Troyes AC 84 France Benjamin Nivet
6%
LOSC Lille 174 France Jean Baratte
6%
RC Lens 118 Algérie Ahmed Oudjani
5%
OGN Nice 211 Espagne Joaquin Valle
3%
FC Metz 96 Luxembourg Nico Braun
3%
FC Nantes 146 France Philippe Gondet
3%
RC Strasbourg 118 Allemagne Oskar Rohr
2%
Angers SCO 125 France Christophe Lagrange
1%
Stade Brestois 29 64 Yougoslavie / Croatie Drago Vlabec
1%
Stade Rennais FC 154 France Jean Grumellon
1%
FC Lorient 70 France Bernard Goraguer
0%
Clermont Foot 63 150 France Christophe Chastang
0%
Aucun quiz correspondant
Distribution des résultats
% des personnes avec chaque résultat
Percentile par nombre de réponses
Votre historique - résultats
Vous n’avez pas pris ce quiz